Movies Quiz

Random Movies or Oscar Quiz

'M' Oscar Best Pictures Quiz Stats

 Plays Quiz not verified by Sporcle

Challenge
Share
Tweet
Embed
Score 0/8 Timer 03:00
0 Plays Today
Best Picture % Correct
Moonlight
88.2%
Million Dollar Baby
67.6%
Mrs. Miniver
67.6%
Marty
66.2%
My Fair Lady
66.2%
Midnight Cowboy
58.1%
Mutiny on the Bounty
58.1%
A Man for All Seasons
56.6%

You're not logged in!

Compare scores with friends on all Sporcle quizzes.
OR
Log In

You Might Also Like...

Show Comments

Extras

Top Quizzes Today


Score Distribution

Your Account Isn't Verified!

In order to create a playlist on Sporcle, you need to verify the email address you used during registration. Go to your Sporcle Settings to finish the process.

Report this User

Report this user for behavior that violates our Community Guidelines.

Details: